Statistics for Animals! #2

Click here to take the quiz!

General Stats

  • This quiz has been taken 58 times
  • The average score is 12 of 15

Answer Stats

Answer% Correct
Fox
98%
Sea Lion
98%
Chimpanzee
93%
Pallid Bat
93%
Redback Spider
93%
Whale
93%
Bear
91%
Frog
91%
Mouse
91%
Koala
89%
Rhino
89%
Opossum
72%
Gnu
63%
Yak
57%
Woodworm
0%

Score Distribution

Percentile by Number Answered

Percent of People with Each Score

Your Score History

You have not taken this quiz